000 00759nam a2200229 a 4500
999 _c7099
_d7099
001 7099
003 BD-JhCC
005 20181118134015.0
008 180205s1978 bg |||| || | 000 0 eng d
035 _a(BD-JhCC)7099
040 _aBD-JhCC
_dBD-JhCC
041 _aeng
082 _a100.3
_bHAI 1978
100 _aহাই, সাইয়েদ আবদুল
245 _aদর্শন ও মনোবিদ্যা পরিভাষাকোষ প্রথম খণ্ড /
_cসাইয়েদ আবদুল হাই,
260 _aঢাকা :
_bবাংলা একাডেমী,
_c1978
300 _a514 p. :
_c22 cm.
650 _aPhilosophy
_xDictionaries
650 _aPsychology
942 _2ddc
_cBK
_01